Serafín, el escritor y la bruja / ilustraciones de leicia gotlibowski

Guardado en:
Autor Principal: Piñeiro, Claudia
Otros Autores: Gotlibowski, Leicia, ilus.
Formato: Libro
Publicado: Buenos Aires : Alfaguara, 2012
Materias:
Etiquetas: Agregar Etiqueta
Sin Etiquetas, Sea el primero en etiquetar este registro!
LEADER 00690nam a22002055a 4500
001 EHU.bham042737
003 AR-BHAM
005 20140805100705.0
008 130507s2012##################000#0#####d
020 |a 9789870417057 
082 A 8 |a 863.5 
100 1 |a Piñeiro, Claudia 
245 1 0 |a Serafín, el escritor y la bruja /  |b ilustraciones de leicia gotlibowski  |c  Claudia Piñeiro : 
260 |a Buenos Aires :  |b Alfaguara,  |c 2012 
300 |a 81 p. 
653 |a Literatura argentina-2000 
653 |a Novela argentina-2000- 
653 |a Literatura infanto juvenil argentina-2000- 
700 1 |a Gotlibowski, Leicia, ilus. 
859 |a AR-BHAM  |b BIB. HUMANIDADES - General  |h A863.5  |i P658  |k A  |p 278.14  |t Ej.1